[Event "Bermuda Open"]
[Site "Southampton BER"]
[Date "2009.02.01"]
[Round "5"]
[White "Radford,M"]
[Black "Gershenov,B"]
[Result "0-1"]
[WhiteElo "1887"]
[BlackElo "1999"]

1.d4 Nf6 2.c4 e6 3.g3 c5 4.Bg2 Qb6 5.e3 Qb4+ 6.Nd2 Nc6 7.Ne2 d5 8.a3 Qb6
9.dxc5 Bxc5 10.O-O O-O 11.b4 Be7 12.Bb2 dxc4 13.Nxc4 Qb5 14.Qb3 Nd5 15.e4 Nf6
16.Rfd1 Ng4 17.Nc3 Qh5 18.h3 Nge5 19.Nxe5 Nxe5 20.f4 Nc6 21.g4 Qh4 22.Nb5 e5
23.Nc7 Rb8 24.b5 Bc5+ 25.Kh2 Nd4 26.Qg3 Qh6 27.fxe5 Nc2 28.Bc1 Qb6 29.Nd5 Qxb5
30.Ra2 Qc4 31.Nc3 Nd4 32.Bf1 Qb3 33.Rad2 Be6 34.Rxd4 Bxd4 35.Rxd4 Rbc8 36.Bd2 Qb2
37.Nd5 Qxd4 38.Ne7+ Kh8 39.Nxc8 Qxd2+  0-1

[Event "7th Gibtelecom Masters"]
[Site "Caleta ENG"]
[Date "2009.02.03"]
[Round "8"]
[White "Bravetti,A"]
[Black "Sachdev,T"]
[Result "0-1"]
[WhiteElo "2205"]
[BlackElo "2435"]

1.d4 Nf6 2.c4 e6 3.g3 c5 4.d5 exd5 5.cxd5 d6 6.Bg2 g6 7.Nf3 Bg7 8.O-O O-O
9.Nc3 a6 10.a4 Nbd7 11.Bf4 Qe7 12.h3 h6 13.Re1 Nh5 14.Bd2 Ne5 15.Nxe5 Qxe5
16.e4 Qe7 17.Be3 Re8 18.Kh2 Nf6 19.Qd2 Qf8 20.Rab1 Nd7 21.f4 b6 22.b4 Ra7
23.a5 cxb4 24.Rxb4 bxa5 25.Rc4 Rb7 26.Rc6 Nb8 27.Rb6 Rc7 28.Bd4 Bxd4 29.Qxd4 Nd7
30.Rc6 Rb7 31.Rc4 Nc5 32.e5 Bd7 33.Qe3 Rb3 34.Qd2 Rb4 35.Qd4 Qg7 36.Re2 Nb3
37.Qd3 Nc1 38.Qe4 Nxe2 39.Qxe2 dxe5 40.f5 Rxc4 41.Qxc4 Rc8 42.Qb3 a4 43.Nxa4 Bxa4
44.Qxa4 gxf5 45.d6 Qf6 46.d7 Rd8 47.Bc6 f4 48.g4 f3 49.Kg1 Qf4 50.Qxf4 exf4
51.Kf2 Kf8 52.Kxf3 Ke7 53.Kxf4 Rb8 54.g5 hxg5+ 55.Kxg5 Rb6 56.Ba4 Rb4 57.Bc6 Rc4
58.Bb7 a5 59.h4 f6+  0-1

[Event "7th Gibtelecom Masters"]
[Site "Caleta ENG"]
[Date "2009.02.05"]
[Round "10"]
[White "Peredy,F"]
[Black "Drenth,J"]
[Result "1/2-1/2"]
[WhiteElo "2252"]
[BlackElo "2140"]

1.d4 Nf6 2.c4 e6 3.g3 c5 4.Nf3 cxd4 5.Nxd4 Nc6 6.Bg2 Qb6 7.e3 Bb4+ 8.Bd2 O-O
9.O-O Nxd4 10.exd4 Bxd2 11.Qxd2 d5 12.c5 Qc7 13.Nc3 Bd7 14.b4 Rad8 15.Rfe1 Rfe8
16.f4 b6 17.Rec1 bxc5 18.bxc5 Bc6 19.Rab1 Rb8 20.Bf1 Red8 21.Bd3 Kf8 22.Qc2 h5
23.a4 Ne4 24.Bb5 h4 25.Kg2 hxg3 26.hxg3 g5 27.Kf3 g4+ 28.Kxg4 Ke7 29.Kf3 Rg8
30.Ne2 f5 31.Rh1 Rg7 32.Bxc6 Rxb1 33.Rxb1 Qxc6 34.Rb8 Qa6 35.c6 Kf6 36.Rf8+ Kg6
37.Re8 Kf6 38.Rf8+ Kg6 39.Re8  1/2-1/2

[Event "FSGM March"]
[Site "Budapest HUN"]
[Date "2009.03.08"]
[Round "2"]
[White "Pap,G"]
[Black "Ilincic,Z"]
[Result "1-0"]
[WhiteElo "2468"]
[BlackElo "2555"]

1.d4 Nf6 2.c4 e6 3.g3 c5 4.Nf3 a6 5.Bg2 b5 6.Ne5 Ra7 7.dxc5 Bxc5 8.Nd3 Bd4
9.cxb5 axb5 10.e3 Bb6 11.Nc3 Ba6 12.e4 d5 13.exd5 O-O 14.O-O b4 15.Nxb4 Bxf1
16.Qxf1 Ng4 17.Nd3 exd5 18.Nxd5 Bd4 19.Qd1 Nf6 20.N3b4 Be5 21.Be3 Rd7 22.Bb6 Qe8
23.Qb3 Nxd5 24.Nxd5 Qe6 25.Re1 Nc6 26.Qc4 Rb8 27.f4 Bd4+ 28.Kf1 Qh6 29.Bxd4 Nxd4
30.Qxd4 Kh8 31.Kg1 Qa6 32.a4 h6 33.f5 Rdb7 34.f6 gxf6 35.b4 Ra7 36.b5 Qa5
37.Qxf6+ Kg8 38.Ne7+ Rxe7 39.Rxe7  1-0

[Event "10th EICC"]
[Site "Budva MNE"]
[Date "2009.03.11"]
[Round "6"]
[White "Iljushin,A"]
[Black "Ivanisevic,I"]
[Result "1/2-1/2"]
[WhiteElo "2564"]
[BlackElo "2628"]

1.d4 Nf6 2.c4 e6 3.g3 c5 4.d5 exd5 5.cxd5 d6 6.Nc3 g6 7.Bg2 Bg7 8.Nf3 O-O
9.O-O Re8 10.Bf4 Nh5 11.Bg5 Qd7 12.a4 h6 13.Bd2 Na6 14.Nb5 Qe7 15.e4 Bd7
16.Qb3 c4 17.Qxc4 Rac8 18.Qa2 Nc5 19.Nc3 Nxe4 20.Rfe1 Nhf6 21.Nd4 Qf8 22.Nxe4 Nxe4
23.Bxe4 Bxd4 24.Qb3 Qg7 25.Bf3 Qf6 26.Rxe8+ Rxe8 27.Re1 Rxe1+ 28.Bxe1 b6
29.Kg2 Bxb2 30.Bd1 Bd4 31.Qf3 Qxf3+ 32.Kxf3 h5 33.Ke4 Bc5 34.Kd3 Bc8 35.Bb3 Kh7
36.Bc4 Bf5+ 37.Ke2 g5 38.f3 Kg6 39.a5 bxa5 40.Bxa5 g4 41.Bb5 Bb1 42.Bd7 Bf5
43.Be8 Bg1 44.Bb4 Bxh2 45.fxg4 Bxg4+ 46.Kf2 h4 47.Bxd6 a5 48.Kg2 Bxg3 49.Bxg3 hxg3
50.Kxg3 Bd1 51.d6 Kf6 52.Kf2 a4 53.Ke1 Bb3 54.Kd2 a3 55.Kc1  1/2-1/2

[Event "10th EICC"]
[Site "Budva MNE"]
[Date "2009.03.16"]
[Round "10"]
[White "Porat,I"]
[Black "Iordachescu,V"]
[Result "0-1"]
[WhiteElo "2353"]
[BlackElo "2584"]

1.d4 Nf6 2.c4 e6 3.g3 c5 4.d5 d6 5.Nc3 exd5 6.cxd5 g6 7.Bg2 Bg7 8.Nf3 Na6
9.Nd2 Nc7 10.Nc4 b5 11.Na5 b4 12.Na4 O-O 13.Nxc5 dxc5 14.d6 Ncd5 15.Bxd5 Nxd5
16.Qxd5 Qxa5 17.Qxa8 b3+ 18.Bd2 Qa6 19.d7 Bxd7 20.Qd5 Be6 21.Qf3 Bxb2 22.O-O Bxa1
23.Rxa1 b2 24.Rb1 Qxa2 25.Qd3 c4 26.Qc2 c3 27.Bxc3 Rc8 28.Rxb2 Qc4 29.Rb7 Qxc3
30.Qxc3 Rxc3 31.Rxa7 Rc2 32.e3 Bh3 33.Ra1 Kg7  0-1

[Event "TCh-AUT 1st Bundesliga 2008-9"]
[Site "Ansfelden AUT"]
[Date "2009.03.20"]
[Round "9"]
[White "Rotstein,A"]
[Black "Bosiocic,Mari"]
[Result "1-0"]
[WhiteElo "2505"]
[BlackElo "2578"]

1.c4 Nf6 2.d4 e6 3.g3 c5 4.Nf3 cxd4 5.Nxd4 d5 6.Bg2 e5 7.Nf3 e4 8.Nd4 dxc4
9.O-O Bc5 10.Nb5 Qb6 11.N5a3 e3 12.Bxe3 Bxe3 13.Nxc4 Bxf2+ 14.Rxf2 Qc7 15.Nd6+ Ke7
16.Nxc8+ Rxc8 17.Nc3 Nbd7 18.Qb3 Rab8 19.Rd1 Qc4 20.Nd5+ Kf8 21.Nxf6 Nxf6
22.Rd8+  1-0

[Event "3rd Georgi Agzamov Mem"]
[Site "Tashkent AZE"]
[Date "2009.03.23"]
[Round "8"]
[White "Arestanov,T"]
[Black "Chatalbashev,B"]
[Result "0-1"]
[WhiteElo "2253"]
[BlackElo "2560"]

1.d4 Nf6 2.c4 e6 3.g3 c5 4.d5 exd5 5.cxd5 b5 6.f3 g6 7.e4 Bg7 8.Kf2 O-O 9.Bxb5 d6
10.Ne2 Nbd7 11.Nbc3 Rb8 12.Qc2 Ne5 13.f4 a6 14.Ba4 Nfg4+ 15.Kg2 Nc4 16.Kf3 f5
17.Bb3 fxe4+ 18.Nxe4 Na5 19.N2c3 Rb4 20.h3 Nf6 21.Bd2 Bf5 22.Rae1 Nxb3 23.axb3 Qb8
24.Nxf6+ Bxf6 25.Ne4 Rxb3+ 26.Bc3 Bxc3 27.bxc3 Qb4 28.Re3 Qc4 29.Rd1 g5 30.Rdd3 gxf4
31.gxf4 Kh8 32.Qe2 Rb1 33.Kg3 Rg8+ 34.Kh4 Rh1 35.Qf3 Rxh3+ 36.Qxh3 Bxh3 37.Kxh3 Rf8
38.Kg4 Qa4 39.f5 Qd7 40.Rf3 Qg7+ 41.Kf4 Qe5+ 42.Ke3 Rxf5 43.Rxf5 Qxf5 44.Nxd6 Qg5+
45.Ke2 Qe5+  0-1

[Event "Genset Cup"]
[Site "Szombathely HUN"]
[Date "2009.03.31"]
[Round "6"]
[White "Kiss,At"]
[Black "Csiszar,C"]
[Result "1-0"]
[WhiteElo "2369"]
[BlackElo "2450"]

1.d4 Nf6 2.c4 e6 3.g3 c5 4.Nf3 cxd4 5.Nxd4 d5 6.Bg2 e5 7.Nf3 d4 8.O-O Nc6
9.e3 Bc5 10.exd4 exd4 11.Re1+ Be6 12.Ng5 O-O 13.Nxe6 fxe6 14.Nd2 e5 15.Ne4 Nxe4
16.Bxe4 Qf6 17.Rf1 Rad8 18.a3 d3 19.Be3 Nd4 20.Kg2 Kh8 21.b4 Bb6 22.c5 Bc7
23.Qxd3 b6 24.Rac1 bxc5 25.bxc5 Qf7 26.Qc4 Qh5 27.h3 Rf6 28.Rb1 Rdf8 29.Rb7 Ne6
30.Bd5 Rg6 31.Qe4 Rf4 32.Rxc7 Nxc7 33.Bxf4 exf4 34.Rb1 f3+ 35.Kh2  1-0

[Event "TCh-HUN 2008-9"]
[Site "Budapest HUN"]
[Date "2009.04.18"]
[Round "11"]
[White "Kiss,Pa1"]
[Black "Medvegy,Z"]
[Result "0-1"]
[WhiteElo "2389"]
[BlackElo "2556"]

1.d4 Nf6 2.c4 e6 3.g3 c5 4.Nf3 cxd4 5.Nxd4 Bb4+ 6.Bd2 Qb6 7.e3 Bc5 8.Nb3 Qc6
9.Rg1 Be7 10.Nc3 O-O 11.Qe2 d5 12.O-O-O Qxc4 13.Qxc4 dxc4 14.Bxc4 b6 15.f3 Bb7
16.e4 Nbd7 17.Kb1 Rfc8 18.Be2 Kf8 19.Bf4 e5 20.Be3 Nc5 21.Nxc5 Bxc5 22.Bxc5+ Rxc5
23.Rc1 Rac8 24.Na4 Rxc1+ 25.Rxc1 g5 26.Rxc8+ Bxc8 27.Nc3 h5 28.h4 g4 29.Kc2 gxf3
30.Bxf3 Bg4 31.Bxg4 Nxg4 32.Kb3 Ke7 33.Kc4 f5 34.Kb5 fxe4 35.Nxe4 Nf6 36.Nc3 e4
37.Ka6 e3 38.Kxa7 Kd6 39.Ne2 Nd5 40.Kb7 Kc5 41.a3 Kc4 42.Nc1 b5 43.Ka6 Nf6
44.b3+ Kc3 45.Ne2+ Kd2 46.Nd4 Kd3 47.Nf3 e2 48.Kxb5 Ke3 49.Ne1 Kd2 50.Nf3+ Ke3
51.Ne1 Kd2 52.Nf3+ Kd1 53.a4 Ne4 54.a5 Nd2 55.a6 Nxf3 56.a7 e1=Q 57.a8=Q Qe5+
58.Kb4 Ke2 59.Qg8 Kf2 60.Qg6 Kg2 61.Ka4 Nd4 62.Qg5 Nf3 63.Qg6 Kh3 64.b4 Qd5
65.Ka3 Nd4 66.Qd3 Nb5+  0-1

[Event "XXVIII Open"]
[Site "Zalakaros HUN"]
[Date "2009.05.09"]
[Round "2"]
[White "Dobos,J"]
[Black "Medvegy,Z"]
[Result "0-1"]
[WhiteElo "2308"]
[BlackElo "2546"]

1.d4 Nf6 2.c4 e6 3.g3 c5 4.d5 exd5 5.cxd5 b5 6.Bg2 d6 7.b4 Na6 8.bxc5 Nxc5
9.Bb2 g6 10.Nh3 Bg7 11.O-O O-O 12.Nd2 Bg4 13.Nf3 Re8 14.Nf4 Qb6 15.h3 Bxf3
16.Bxf3 Rab8 17.Bd4 Nfd7 18.Bxg7 Kxg7 19.Bg2 Ne5 20.e3 Na4 21.Ne2 Rbc8 22.Nd4 Rc5
23.Kh2 Nc3 24.Qb3 a5 25.f4 Nd7 26.Rae1 Nf6 27.g4 b4 28.g5 Nfxd5 29.e4 Rc7
30.Nc2 Ne7 31.a3 Nc6 32.axb4 axb4 33.e5 dxe5 34.Bxc6 Qxc6 35.Nxb4 Qb5 36.Rf3 exf4
37.Ref1 Re2+ 38.Kh1 Qxg5 39.Rg1 Qe5 40.Nd3 Qe4  0-1

[Event "TCh-NED 2008-9"]
[Site "Netherlands NED"]
[Date "2009.05.10"]
[Round "9"]
[White "Van Beek,Al"]
[Black "Borm,F"]
[Result "1-0"]
[WhiteElo "2400"]
[BlackElo "2389"]

1.d4 Nf6 2.c4 e6 3.g3 c5 4.Nf3 cxd4 5.Nxd4 a6 6.Bg2 Qc7 7.Nc3 Nc6 8.O-O d6
9.Bg5 Be7 10.Rc1 Nxd4 11.Qxd4 h6 12.Be3 Bd7 13.Rfd1 O-O 14.b3 Rfc8 15.Qd2 Rd8
16.Bf4 e5 17.Be3 Bc6 18.Bh3 Rdb8 19.Nd5 Bxd5 20.cxd5 Qd8 21.Rc4 b5 22.Rc6 Nh7
23.Rdc1 Bg5 24.f4 exf4 25.gxf4 Bf6 26.Ba7 Nf8 27.Bxb8 Rxb8 28.Rxa6 Qe7 29.Bg2 g5
30.e3 b4 31.Rac6 Bc3 32.R1xc3 bxc3 33.Rxc3 Ng6 34.Rc4 Qa7 35.Kh1 Re8 36.Be4 Nh4
37.a4 f5 38.Qc3 Qg7 39.Qxg7+ Kxg7 40.Bc2 Rxe3 41.Kg1 Re2 42.a5 Rd2 43.Rc3 g4
44.a6 Nf3+ 45.Rxf3 Rxc2 46.Rf2  1-0

[Event "XXVIII Open"]
[Site "Zalakaros HUN"]
[Date "2009.05.15"]
[Round "8"]
[White "Pap,G"]
[Black "Cao,S"]
[Result "1/2-1/2"]
[WhiteElo "2466"]
[BlackElo "2512"]

1.d4 Nf6 2.c4 e6 3.g3 c5 4.Nf3 cxd4 5.Nxd4 Qc7 6.b3 Bc5 7.Bg2 Qa5+ 8.Bd2 Qb6
9.e3 Nc6 10.Bc3 d5 11.cxd5 Nxd5 12.Nxc6 bxc6 13.O-O Ba6 14.Re1 O-O 15.Qc2 Rfd8
16.a3 Nxc3 17.Nxc3 Bd3 18.Qa2 Be7 19.Rac1  1/2-1/2

[Event "82nd ch-St Petersburg"]
[Site "St Petersburg RUS"]
[Date "2009.05.18"]
[Round "11"]
[White "Yevseev,D"]
[Black "Anisimov,P2"]
[Result "1/2-1/2"]
[WhiteElo "2529"]
[BlackElo "2503"]

1.d4 Nf6 2.c4 e6 3.g3 c5 4.d5 exd5 5.cxd5 b5 6.Nf3 d6 7.e4 a6 8.Nbd2 Nbd7
9.a4 Rb8 10.axb5 axb5 11.Bg2 g6 12.b4 Bg7 13.Rb1 O-O 14.O-O Re8 15.Qc2 Ba6
16.bxc5 Nxc5 17.Nd4 b4 18.Nc6 Qc8 19.Nxb8 Bd3 20.Qa2 Qxb8 21.f3 b3  1/2-1/2

[Event "TCh-ISR 2008-9"]
[Site "Israel ISR"]
[Date "2009.05.22"]
[Round "11"]
[White "Birnboim,N"]
[Black "Gershon,A"]
[Result "0-1"]
[WhiteElo "2319"]
[BlackElo "2507"]

1.d4 Nf6 2.c4 e6 3.g3 c5 4.Nf3 cxd4 5.Nxd4 Nc6 6.Bg2 Bc5 7.Nb3 Be7 8.Nc3 O-O
9.O-O b6 10.Nd5 exd5 11.cxd5 Qe8 12.dxc6 dxc6 13.Nd4 Bd7 14.Qc2 Nd5 15.a3 Bf6
16.Rd1 Rd8 17.Nb5 a6 18.Nd6 Qe6 19.Nb7 Rb8 20.e4 Nc7 21.Nd6 c5 22.Bf4 Be5
23.Bxe5 Qxe5 24.a4 Rfd8 25.f4 Qh5 26.f5 Ne8 27.Nc4 Qg5 28.Qd2 Qe7 29.Qf4 Bxa4
30.Rxd8 Qxd8 31.Ne3 Bc6 32.Rd1 Qc7 33.e5 Bxg2 34.Kxg2 Rd8 35.Nd5 Qc6 36.Qf3 Kh8
37.Nc3 Qxf3+ 38.Kxf3 Rxd1 39.Nxd1 Kg8 40.Ke4 Nc7 41.Nc3 b5 42.Nd5 Ne8 43.Nb6 Nc7
44.Nd7 c4 45.Kd4 g6 46.g4 h5 47.h3 hxg4 48.hxg4 gxf5 49.gxf5 a5 50.Kc5 a4
51.Nf6+ Kg7 52.Ne4 f6 53.e6 Kf8 54.Kc6 Ne8 55.Kd7 b4 56.Nc5 a3 57.bxa3 bxa3
58.e7+ Kf7 59.Nb7 a2 60.Nd8+ Kg8 61.Kxe8 a1=Q 62.Nc6 Qa8+ 63.Kd7 c3 64.Nd8 Qd5+
65.Kc7 Qe5+  0-1

[Event "Subic Open"]
[Site "Subic PHI"]
[Date "2009.05.29"]
[Round "7"]
[White "Sandipan,C"]
[Black "Kunte,A"]
[Result "1-0"]
[WhiteElo "2558"]
[BlackElo "2513"]

1.d4 Nf6 2.c4 e6 3.g3 c5 4.d5 exd5 5.cxd5 d6 6.Nc3 g6 7.Bg2 Bg7 8.Nf3 O-O
9.O-O Re8 10.h3 Na6 11.Nd2 Nc7 12.a4 b6 13.Nc4 Ba6 14.Qb3 Bxc4 15.Qxc4 a6
16.Rb1 Nd7 17.Ne4 h6 18.b4 f5 19.bxc5 Ne5 20.Qc2 bxc5 21.Nd2 Rb8 22.Rxb8 Qxb8
23.f4 Nd7 24.Nc4 Nf6 25.Nxd6 Rd8 26.e4 fxe4 27.Nxe4 Nfxd5 28.Nxc5 Ne7 29.Kh2 Kh7
30.Ba3 Ncd5 31.Rb1 Qc8 32.Rb7 Rd6 33.Qe2 Nf5 34.Bb2 Qxc5 35.Qe5 Qc7 36.Rxc7 Nxc7
37.Qa5 Ne6 38.Be5 Rd1 39.Qxa6 Bxe5 40.fxe5 Ned4 41.g4 Ne3 42.Be4 Kg8 43.Qxg6+ Kf8
44.Qxh6+  1-0

[Event "12th IHEM"]
[Site "Hamburg GER"]
[Date "2009.05.31"]
[Round "2"]
[White "Kopylov,M"]
[Black "Pajeken,W"]
[Result "1/2-1/2"]
[WhiteElo "2457"]
[BlackElo "2317"]

1.d4 Nf6 2.c4 e6 3.g3 c5 4.Nf3 cxd4 5.Nxd4 Qc7 6.Nc3 a6 7.Bg2 Qxc4 8.O-O Nc6
9.Nb3 d5 10.a3 Qg4 11.e4 Qxd1 12.Rxd1 Nxe4 13.Nxe4 dxe4 14.Bxe4 f5 15.Bxc6+ bxc6
16.Bf4 Be7 17.Rac1 Bf6 18.Rxc6  1/2-1/2

[Event "XXVII Open A"]
[Site "Balatonlelle HUN"]
[Date "2009.06.17"]
[Round "5"]
[White "Erdelyi,Z"]
[Black "Farago,I"]
[Result "1-0"]
[WhiteElo "2370"]
[BlackElo "2491"]

1.d4 e6 2.c4 Nf6 3.g3 c5 4.d5 exd5 5.cxd5 d6 6.Nc3 g6 7.Nf3 Bg7 8.Bg2 O-O
9.O-O a6 10.a4 Nbd7 11.Nd2 Rb8 12.Nc4 Qe7 13.a5 Ne8 14.Na4 Nc7 15.Nab6 Nxb6
16.axb6 Nb5 17.Re1 f5 18.Ra5 Bd7 19.e4 fxe4 20.Rxe4 Qf6 21.Rf4 Qe7 22.Re4 Qf6
23.Rf4 Qd8 24.Rxf8+ Qxf8 25.Bf4 Bh6 26.Bxh6 Qxh6 27.Ra1 Qg7 28.Qd2 Re8 29.Re1 Rxe1+
30.Qxe1 Kf8 31.Qe3 Qf6 32.h4 Nd4 33.Na5 Bc8 34.Qh6+ Kg8 35.Qg5 Qxg5 36.hxg5 Kf7
37.f4 Ke7 38.Be4 Kd8 39.Kf2 Ke7 40.Ke3 Nb5 41.Bf3 Nd4 42.Be4 Nb5 43.Kd3 Ke8
44.Kc4 Ke7 45.Bd3 Ke8 46.Bc2 Ke7 47.Ba4 Bg4 48.Bxb5 Be2+ 49.Kc3 axb5 50.Nxb7 Kd7
51.b4 c4 52.Kd4 Bf3 53.Na5 c3 54.Kxc3 Bxd5 55.Kd4 Bf3 56.Nb3 Kc6 57.Nd2 Bg2
58.Ne4 Kxb6 59.Nxd6 Kc6 60.Ke5 Bf1 61.Ne4 Bc4 62.Nf6  1-0

[Event "Municipality Cup"]
[Site "Tbilisi GEO"]
[Date "2009.06.17"]
[Round "3"]
[White "Batsiashvili,N"]
[Black "Azaladze,S"]
[Result "0-1"]
[WhiteElo "2300"]
[BlackElo "2434"]

1.d4 Nf6 2.c4 e6 3.g3 c5 4.d5 exd5 5.cxd5 d6 6.Nc3 g6 7.Bg2 Bg7 8.Nf3 O-O
9.O-O Re8 10.Bf4 a6 11.a4 Nh5 12.Bg5 Qc7 13.Rc1 Nd7 14.Nd2 h6 15.Be3 Rxe3
16.fxe3 Ne5 17.Qb3 Nf6 18.Nce4 Nxe4 19.Nxe4 Bd7 20.Qa3 a5 21.Nf6+ Kh8 22.Rf4 Ra6
23.b3 Qd8 24.Rcf1 Rb6 25.Qa2 Rb4 26.Rxb4 axb4 27.Ne4 Qe7 28.Nf2 h5 29.Qd2 h4
30.Nd3 Kg8 31.Rf4 hxg3 32.hxg3 Qg5 33.Qe1 Ng4 34.Nf2 Nxe3 35.Ne4 Qe7 36.Nd2 Bc3
37.Re4 Qg5 38.Nf3 Nxg2 39.Kxg2 Qxd5 40.Qb1 Be6 41.Rc4 Qf5 42.e4 Qh3+ 43.Kf2 Bxc4
44.bxc4 Qe6 45.Qd3 Bf6 46.Ke2 Kg7 47.Kf2 Qe8 48.Qc2 Be5 49.Qb3 Qe6 50.Qd3 b6
51.Kg2 Qf6 52.Qc2 Qe6 53.Qd3 Qg4 54.Nh2 Qg5 55.Nf1 Qc1 56.Nd2 Qc3  0-1

[Event "zt 3.4"]
[Site "Tashkent UZB"]
[Date "2009.06.18"]
[Round "2"]
[White "Kvon,A"]
[Black "Jumabayev,R"]
[Result "1-0"]
[WhiteElo "2425"]
[BlackElo "2544"]

1.d4 Nf6 2.c4 e6 3.g3 c5 4.Nf3 cxd4 5.Nxd4 Qc7 6.Nc3 Qxc4 7.e4 Qb4 8.Bg2 d5
9.exd5 exd5 10.O-O Be7 11.Ncb5 Qa5 12.Bf4 Na6 13.Re1 Be6 14.Nxe6 fxe6 15.Nd4 O-O
16.Nxe6 Rfe8 17.a3 Rac8 18.Be5 Kh8 19.g4 Bd8 20.Ng5 Ne4 21.Nxe4 dxe4 22.Qd7 Qxe5
23.Rxe4 Qxe4 24.Bxe4 Bh4 25.b4 Rf8 26.Rf1 Rc7 27.Qb5 g6 28.g5 Nb8 29.Qe5+ Rg7
30.f4 Nd7 31.Qd4 Rf7 32.Bd5 Re7 33.Re1 Nb6 34.Qxb6  1-0

[Event "ZMD Open"]
[Site "Dresden GER"]
[Date "2009.07.02"]
[Round "9"]
[White "Colpe,M"]
[Black "Stabolewski,A"]
[Result "0-1"]
[WhiteElo "2171"]
[BlackElo "2256"]

1.d4 Nf6 2.c4 e6 3.g3 c5 4.d5 exd5 5.cxd5 b5 6.Bg2 d6 7.a4 b4 8.b3 g6 9.Bb2 Bg7
10.Nd2 O-O 11.Qc2 Nbd7 12.a5 Re8 13.Nc4 Ba6 14.Nxd6 Ne5 15.Nxe8 Qxe8 16.Rd1 Nfg4
17.h3 c4 18.bxc4 b3 19.Qb1 Nxf2 20.Kxf2 Nxc4 21.Bxg7 Qe3+ 22.Kf1 Kxg7 23.Rd3 Nd2+
24.Rxd2 Qxd2 25.Qxb3 Re8 26.Qf3 Rc8 27.Qf4 Rc1+ 28.Kf2 Qe1+ 29.Kf3 Rc3+ 30.Kg4 h5+
31.Kh4 Rxg3 32.Qe5+ Kh7 33.Qxg3 g5+ 34.Kxh5 Qxg3 35.Be4+ Kg7 36.h4 f6 37.d6 Bb5
38.Bg6 Bd7  0-1

[Event "XXXII Open"]
[Site "Barbera ESP"]
[Date "2009.07.04"]
[Round "1"]
[White "Matnadze,A"]
[Black "Fabre Massana,M"]
[Result "1/2-1/2"]
[WhiteElo "2413"]
[BlackElo "2151"]

1.d4 Nf6 2.c4 e6 3.g3 c5 4.d5 exd5 5.cxd5 b5 6.Bg2 d6 7.Nf3 Nbd7 8.O-O Bb7
9.Nh4 g6 10.a4 bxa4 11.Nc3 Bg7 12.Bf4 Nb6 13.Nb5 Nc8 14.Qxa4 O-O 15.e4 Ne8
16.Bc1 Nc7 17.Nxc7 Qxc7 18.Re1 Nb6 19.Qa5 Rfe8 20.Bf1 Re7 21.Bg5 f6 22.Bd2 Rae8
23.Bb5 Rb8 24.Bc3 Bc8 25.Ng2 Bd7 26.Bd3 Be8 27.Nf4 Bf7 28.h4 Qc8 29.Bf1 Qe8
30.Bb5 Qf8 31.Kg2 g5 32.Ne6 Bxe6 33.dxe6 gxh4 34.Rh1 hxg3 35.fxg3 Qc8 36.Qa2 c4
37.Rae1 Qxe6 38.Rh5 Rc8 39.Ba6 Rcc7 40.Qb1 Qg4 41.Rh4 Qg6 42.Bb4 Qg5 43.e5 Rxe5
44.Qxh7+ Kf7 45.Rhe4 Rce7 46.Rxe5 Rxe5 47.Qb1 d5 48.Qd1 Qf5 49.Bc5 Rxe1 50.Qxe1 Qe4+
51.Qxe4 dxe4 52.Bxb6 axb6 53.Bxc4+ Ke7 54.g4 Kd6 55.Kf2 f5 56.gxf5 Bxb2 57.Ke3 Ke5
58.Be6 Bc1+ 59.Ke2 Bg5 60.Bd7 Kd6 61.Ba4 Kc5 62.Bc2 Kd4 63.Ba4  1/2-1/2

[Event "8th Open"]
[Site "La Fere FRA"]
[Date "2009.07.06"]
[Round "3"]
[White "Demanghon,J"]
[Black "Gharamian,T"]
[Result "1/2-1/2"]
[WhiteElo "2211"]
[BlackElo "2615"]

1.d4 e6 2.c4 Nf6 3.g3 c5 4.d5 exd5 5.cxd5 d6 6.Bg2 g6 7.Nf3 Bg7 8.O-O O-O
9.Nc3 Re8 10.Bf4 a6 11.a4 Qc7 12.Rc1 Nbd7 13.Re1 Rb8 14.b4 Nh5 15.Bd2 Qb6
16.b5 c4 17.Rb1 a5 18.Rc1 Nhf6 19.Bf4 Nh5 20.Bd2 Nhf6 21.Bf4 h6 22.Nd2 Ng4
23.Rf1 Nde5 24.h3 g5 25.hxg4 gxf4 26.gxf4 Nxg4 27.Nxc4 Qd8 28.Qd3 f5 29.Nd1 Qh4
30.Qh3 Qe7 31.Bf3 Bd7 32.Nde3 Kh8 33.Nxg4 fxg4 34.Bxg4 Bxg4 35.Qxg4 Bb2 36.Qh5 Bxc1
37.Qxh6+ Qh7 38.Qxh7+ Kxh7 39.Rxc1 Rbc8 40.Kg2 Rxe2 41.Rh1+ Kg6 42.Nxd6 Rcc2
43.Nxb7 Rxf2+ 44.Kg3 Rfd2 45.Rf1 Rxd5 46.Nxa5 Kf5 47.Nc6 Rd3+ 48.Rf3 Rdd2
49.Rb3 Rg2+  1/2-1/2

[Event "8th Open"]
[Site "La Fere FRA"]
[Date "2009.07.07"]
[Round "5"]
[White "Demanghon,J"]
[Black "Daniel,A"]
[Result "1-0"]
[WhiteElo "2211"]
[BlackElo "1835"]

1.d4 Nf6 2.c4 e6 3.g3 c5 4.d5 exd5 5.cxd5 d6 6.Nf3 Bf5 7.Bg2 Nbd7 8.Nc3 Nb6
9.O-O Be7 10.Nh4 Bg6 11.Nxg6 hxg6 12.e4 Nfd7 13.a4 g5 14.Qe2 Ne5 15.f4 gxf4
16.gxf4 Ng6 17.e5 O-O 18.Bd2 Re8 19.e6 Bf6 20.a5 Nc8 21.Be1 Bd4+ 22.Kh1 Qf6
23.Ne4 Qf5 24.exf7+ Kxf7 25.Ng5+ Qxg5 26.fxg5+  1-0

[Event "8th Open"]
[Site "La Fere FRA"]
[Date "2009.07.09"]
[Round "7"]
[White "Deneuville,L"]
[Black "Houriez,C"]
[Result "1/2-1/2"]
[WhiteElo "1984"]
[BlackElo "2314"]

1.d4 Nf6 2.c4 e6 3.g3 c5 4.Nf3 cxd4 5.Nxd4 Bb4+ 6.Bd2 Bc5 7.Nb3 Be7 8.Bg2 Nc6
9.O-O O-O 10.Qc1 d6 11.Na3 a6 12.Nc2 Bd7 13.Bc3 Qb8 14.Rd1 Rc8 15.Nd2 b5
16.b3 bxc4 17.Nxc4 d5 18.N4e3 Nb4 19.Qd2 Nxc2 20.Nxc2 Qc7 21.Bb4 Bd8 22.Rac1 Qa7
23.e3 a5 24.Bc3 Be8 25.Bd4 Qe7 26.Ne1 a4 27.b4 Bb5 28.a3 Bc4 29.Nd3 Bc7 30.Ne5 Bb3
31.Re1 Ne4 32.Qb2 f6 33.Nf3 e5 34.Bc5 Nxc5 35.Rxc5 Bb6 36.Rxc8+ Rxc8 37.Rc1 Rxc1+
38.Qxc1 d4 39.exd4 exd4 40.Nd2  1/2-1/2

[Event "Open"]
[Site "Rethymno GRE"]
[Date "2009.07.14"]
[Round "4"]
[White "Van Wessel,R"]
[Black "Moradiabadi,E"]
[Result "0-1"]
[WhiteElo "2344"]
[BlackElo "2542"]

1.d4 Nf6 2.c4 e6 3.g3 c5 4.d5 exd5 5.cxd5 b5 6.e4 Nxe4 7.Qe2 Qe7 8.Bg2 Nd6
9.Be3 Bb7 10.Nh3 g6 11.O-O Bh6 12.Nc3 Bxe3 13.Rae1 O-O 14.Qc2 Na6 15.Rxe3 Qf6
16.Rfe1 c4 17.a4 Nb4 18.Qd2 Nd3 19.Rf3 Qg7 20.Rxd3 cxd3 21.axb5 a6 22.b6 Qd4
23.Nf4 Rfe8 24.Rd1 Rac8 25.Qxd3 Qxb6 26.Nfe2 a5 27.Qd2 Ba6 28.Bf1 Bxe2 29.Bxe2 Ne4  0-1

[Event "Open"]
[Site "Rethymno GRE"]
[Date "2009.07.17"]
[Round "7"]
[White "Townsend,M"]
[Black "Antic,De"]
[Result "1/2-1/2"]
[WhiteElo "2183"]
[BlackElo "2523"]

1.d4 Nf6 2.c4 e6 3.g3 c5 4.Nf3 cxd4 5.Nxd4 d5 6.Bg2 e5 7.Nf3 d4 8.O-O Nc6
9.e3 Be7 10.exd4 exd4 11.Bf4 O-O 12.Ne5 Qb6 13.Nxc6 bxc6 14.Nd2 Be6 15.b3 Rad8
16.Nf3 c5 17.Ne5 Bd6 18.Nc6 Rd7 19.Re1 Bxf4 20.gxf4 Qc7 21.Qf3 Bg4 22.Qg3 d3
23.Ne5 d2 24.Red1 Bxd1 25.Nxd7 Qxd7 26.Rxd1 Qd4 27.Qe3 Rd8 28.Bd5 Nxd5 29.Qxd4 cxd4
30.cxd5 Rxd5 31.Rxd2 f5 32.Kf1 d3 33.Kg2 Rd4 34.Kf3 g5 35.fxg5 f4 36.Kg4 Kf7
37.Kf5 f3 38.Ke5 Rh4 39.Rxd3 Kg6 40.Rxf3 Rxh2 41.Rf8 Kxg5 42.Rg8+ Kh6 43.f4 Rxa2
44.f5 Ra5+ 45.Ke6 Rb5 46.Rg3  1/2-1/2

[Event "Najdorf Mem Open"]
[Site "Warsaw POL"]
[Date "2009.07.23"]
[Round "6"]
[White "Genutis,M"]
[Black "Romanishin,O"]
[Result "0-1"]
[WhiteElo "2317"]
[BlackElo "2503"]

1.d4 Nf6 2.c4 e6 3.g3 c5 4.Nf3 cxd4 5.Nxd4 Bb4+ 6.Bd2 Be7 7.Bg2 Nc6 8.Bc3 O-O
9.e4 d5 10.Nd2 Nxd4 11.Bxd4 dxc4 12.Nxc4 Bb4+ 13.Kf1 b6 14.Bxf6 Qxd1+ 15.Rxd1 gxf6
16.Ke2 Ba6 17.b3 Rac8 18.Rd7 Bxc4+ 19.bxc4 Rxc4 20.Rxa7 Rc2+ 21.Kf3 Rd8 22.Kg4 Rxf2
23.Ra4 Bc5 24.Bh3 Rdd2 25.Rf1 Rxf1 26.Bxf1 Rxh2  0-1

[Event "MTO"]
[Site "Biel SUI"]
[Date "2009.07.24"]
[Round "5"]
[White "Gleizerov,E"]
[Black "Stella,A"]
[Result "1-0"]
[WhiteElo "2538"]
[BlackElo "2301"]

1.d4 Nf6 2.c4 e6 3.g3 c5 4.d5 exd5 5.cxd5 b5 6.Bg2 d6 7.e4 Nbd7 8.Nf3 g6
9.O-O Bg7 10.Bf4 Nb6 11.Nc3 O-O 12.Nxb5 Ba6 13.Nxd6 Nh5 14.e5 f6 15.Be3 fxe5
16.Bxc5 Bxf1 17.Kxf1 Qd7 18.Ng5 Bh6 19.Bh3 Qa4 20.Ngf7 Rxf7 21.Be6 Qxd1+
22.Rxd1 Rf8 23.Nxf7 Rxf7 24.d6 Bg5 25.Rd3 Kg7 26.Bxf7 Kxf7 27.Ra3 Ke6 28.Rxa7 Nd7
29.b4 Nhf6 30.a4 Ne4 31.Be3 Bxe3 32.fxe3 Kxd6 33.Ke2 Kc6 34.Kd3 Nd6 35.b5+  1-0

[Event "Najdorf Mem Open"]
[Site "Warsaw POL"]
[Date "2009.07.25"]
[Round "8"]
[White "Krasenkova,I"]
[Black "Matuszewski,M"]
[Result "0-1"]
[WhiteElo "2159"]
[BlackElo "2301"]

1.d4 Nf6 2.c4 e6 3.g3 c5 4.d5 exd5 5.cxd5 b5 6.Bg2 d6 7.a4 b4 8.a5 g6 9.b3 Bg7
10.Bb2 O-O 11.Nd2 Re8 12.Nc4 Ba6 13.Qc2 Qe7 14.Ra2 Nbd7 15.Nh3 Rad8 16.Ba1 Ng4
17.Bxg7 Kxg7 18.O-O Nge5 19.Ne3 c4 20.bxc4 Rb8 21.Qb2 Kg8 22.Rc1 Nc5 23.Bf1 b3
24.Ra3 Rb4 25.Nf4 Bxc4 26.Qc3 Reb8 27.Nd3 Bxd3 28.exd3 Na4 29.Rxa4 Rxa4 30.Rb1 Qb7
31.d4 Rxd4 32.Kg2 Rb4 33.a6 Qc8 34.Qb2 Qc5 35.Qe2 Ra4 36.Rb2 Qd4 37.f4 Nd3
38.Rd2 Qe4+ 39.Kh3 b2 40.Bg2 Nxf4+ 41.gxf4 Qxf4 42.Ng4 Rb3+ 43.Rd3 Rxd3+
44.Qxd3 Qxg4+  0-1

[Event "ZMD Open"]
[Site "Dresden GER"]
[Date "2009.07.31"]
[Round "7"]
[White "Heinig,Wo"]
[Black "Miezis,N"]
[Result "0-1"]
[WhiteElo "2334"]
[BlackElo "2572"]

1.d4 Nf6 2.c4 e6 3.g3 c5 4.Nf3 cxd4 5.Nxd4 a6 6.Bg2 Qc7 7.b3 Nc6 8.O-O Bc5
9.Bb2 h5 10.e3 h4 11.Nd2 hxg3 12.hxg3 Ne5 13.Qe2 Rb8 14.Rac1 b6 15.a3 Bb7
16.e4 Qd6 17.N2f3 Nxf3+ 18.Nxf3 Nxe4 19.Be5 Nxg3 20.Qb2 Qd3 21.Nh2 Ne2+ 22.Kh1 Bxg2+
23.Kxg2 Qh3+  0-1